00355 2200133 4500001002100000008004100021035002000062245003000082260003100112300002000143082001500163650003000178990001300208INLIS000000000000725 ind  a0010-0322000725 aLEGENDA BATU KUWUNGcIKHA aSURABAYAbCV CAHAYA AGENCY a24 hlm.c19 cm. a398.395 98 aCERITA RAKYAT - INDONESIA a102878-1